00317pab a2200121 454500008004000000100001900040245005200059260000900111300001400120362000800134650002000142773003300162180718b2008 xxu||||| |||| 00| 0 eng d aUngar, Sheldon aIgnorance as an under-identified social problem c2008 ap.301-26. aJun aSocial problems aBritish Journal of Sociology